Webster's third new international dictionary of the English language, unabridged and seven language dictionary; vol. 2. (Record no. 2010)

000 -LEADER
fixed length control field 00761nam a2200205 a 4500
001 - CONTROL NUMBER
control field :::00018281$&:&@@
003 - CONTROL NUMBER IDENTIFIER
control field OkBaRHE
005 - DATE AND TIME OF LATEST TRANSACTION
control field 20100327140333.0
008 - FIXED-LENGTH DATA ELEMENTS--GENERAL INFORMATION
fixed length control field s1986 j 000 0 eng u
020 ## - INTERNATIONAL STANDARD BOOK NUMBER
International Standard Book Number 0877792011 (blue sturdite)
040 ## - CATALOGING SOURCE
Transcribing agency
100 1# - MAIN ENTRY--PERSONAL NAME
Personal name Gove, Philip Babcock, 1902-1972,
245 10 - TITLE STATEMENT
Title Webster's third new international dictionary of the English language, unabridged and seven language dictionary; vol. 2.
260 ## - PUBLICATION, DISTRIBUTION, ETC. (IMPRINT)
Place of publication, distribution, etc Springfield, MA., :
Name of publisher, distributor, etc Merriam-Webster
Date of publication, distribution, etc 1986
300 ## - PHYSICAL DESCRIPTION
Extent 2662 p. ;
Dimensions 32 cm.
650 ## - SUBJECT ADDED ENTRY--TOPICAL TERM
Topical term or geographic name as entry element English Language
General subdivision Dictionaries
700 ## - ADDED ENTRY--PERSONAL NAME
Personal name Merriam-Webster, Inc.
942 ## - ADDED ENTRY ELEMENTS (KOHA)
Source of classification or shelving scheme
Koha item type Books
Copies
Full call number Lost status Copy number Price effective from Shelving location Source of classification or shelving scheme Not for loan Date last seen Permanent Location Date acquired Collection code Barcode Damaged status Koha item type Withdrawn status
PE 1625 .W36 V.2 1986 12010-04-14General Stacks  2010-04-14RHEMA Bible Training College2010-04-14Reference18281 Books